Formula 1 general knowledge #2 - Statistics

General Stats
  • This quiz has been taken 225 times
  • The average score is 3 of 10
Answer Stats
Question Answer % Correct
Which of these drivers isn't reserve driver for Red Bull in 2023? Enzo Fittipaldi
59%
Who race for Renault in 2007? Fisichella and Kovalainen
53%
Which of these drivers has most grand slams? Jim Clark
47%
Who is oldest driver that race in F1? Louis Chiron
44%
Who race for Caterham in 2013? Pic and van der Garde
30%
Peter Revson didn't race for... BRM
25%
Which of these tyre suppliers hasn't got debut in 1950? Continental
19%
Raikkonen scored.... podiums 103
13%
Which of these drivers hasn't got more than 200 race? Alain Prost
13%
Who of these drivers finish highest in 2003? Cristiano da Matta
6%
No matching quizzes found
Score Distribution
Percent of People with Each Score
Percentile by Number Answered
Your Score History
You have not taken this quiz